000 01739cam a2200469Ma 4500
003 PE-LiUPU
005 20250731183341.0
008 160504s1998 sp a 001 0 spa d
020 _a8446005867
020 _a9788446005865
035 _a(Sirsi) i9788446005865
040 _aPE-LiUPU
_bspa
_cPE-LiUPU
_erda
049 _aPRUA
082 0 4 _a720.945
_bB74
_220
100 1 _aBorsi, Franco,
_d1925-,
_eautor.
245 1 0 _aBernini /
_cFranco Borsi ; traducción: Juan Calatrava Escobar.
264 _aMadrid :
_bEdiciones Akal,
_c1998.
300 _a141 páginas. :
_bilustraciones ;
_c24 centímetros.
336 _atext
_2rdacontent
337 _aunmediated
_2rdamedia
338 _avolume
_2rdacarrier
490 1 _aAkal arquitectura ;
_v9
504 _aBibliografía : páginas 133-136.
504 _aÍndice : páginas 137-139.
526 _aP158
526 _aP146
526 _aP17
526 _aP12
526 _aP06
534 _pTítulo original :
_tLe Bernin.
541 _g0020-0000433;
600 1 0 _aGian Lorenzo Bernini,
_d1598-1680.
600 1 4 _aBernini, Gian Lorenzo,
_d1598-1680.
600 1 7 _aBernini, Gian Lorenzo
_d1598-1680.
650 4 _aArquitectos italianos.
650 4 _aArquitectura barroca
_zItalia.
942 _2ddc
_cBOOK
949 _a720.945 B74
_wDEWEY
_c1
_i72933
_lCCODEBUL1
_mBUL
_r0
_sY
_tBOOK
_u2016-5-4
_xINGENIERIA
_PP06
_0COMPRA
_o.STAFF. Colecci©đn General
994 _aC0
_bPEPRU
596 _a1
999 _a720.945 B74
_wDEWEY
_c9261
_i72933
_d9261
_e2019-9-23
_f2021-11-9
_g8
_lCCODEBUL1
_mBUL
_n2
_r0
_sY
_tBOOK
_u2016-5-4
_xINGENIERIA
_PP06
_0COMPRA
_o.STAFF. Colecci©đn General
980 _81
_gALBERTO SANCHEZ Responsable de Automatización